Central Library OPAC University of Rajshahi

Il teorema di Riemann-Roch per curve, superficie e varietà : (Record no. 52962)

MARC details
000 -LEADER
fixed length control field 00822nam a2200229 a 4500
001 - CONTROL NUMBER
control field 52962
003 - CONTROL NUMBER IDENTIFIER
rucl marc code BD-RjUL
005 - DATE AND TIME OF LATEST TRANSACTION
control field 20211209075904.0
008 - FIXED-LENGTH DATA ELEMENTS--GENERAL INFORMATION
fixed length control field 161001s1958 gw b 000 0 ita
035 ## - SYSTEM CONTROL NUMBER
System control number (BD-RjUL)53082
040 ## - CATALOGING SOURCE
Original cataloging agency DLC
Transcribing agency YNG
Modifying agency OCL
-- SER
-- EQO
-- BD-RjUL
Language of cataloging eng
041 0# - LANGUAGE CODE
Language code of text/sound track or separate title ita
Language code of summary or abstract eng
082 ## - DEWEY DECIMAL CLASSIFICATION NUMBER
Edition number 23
Classification number 516.373
Author mark and year SEI 1958
100 1# - MAIN ENTRY--PERSONAL NAME
Personal name Severi, Francesco,
Dates associated with a name 1879-1961.
9 (RLIN) 158323
245 13 - TITLE STATEMENT
Title Il teorema di Riemann-Roch per curve, superficie e varietà :
Remainder of title questioni collegate /
Statement of responsibility, etc. Francesco Severi
260 ## - PUBLICATION, DISTRIBUTION, ETC. (IMPRINT)
Place of publication, distribution, etc. Berlin :
Name of publisher, distributor, etc. Springer,
Date of publication, distribution, etc. 1958.
300 ## - PHYSICAL DESCRIPTION
Pagination viii, 132 p. ;
Size 24 cm.
490 1# - SERIES STATEMENT
Series statement Ergebnisse der Mathematik und ihrer Grenzgebiete ;
Volume/sequential designation n. F., Heft 17
650 #0 - SUBJECT ADDED ENTRY--TOPICAL TERM
Topical term or geographic name as entry element Riemannian Geometry
9 (RLIN) 151000
830 #0 - SERIES ADDED ENTRY--UNIFORM TITLE
Uniform title Ergebnisse der Mathematik und ihrer Grenzgebiete ;
Volume number/sequential designation n. F., Heft 17.
942 ## - ADDED ENTRY ELEMENTS (KOHA)
Source of classification or shelving scheme Dewey Decimal Classification
Koha item type Books
Holdings
Lost status Source of classification or shelving scheme Damaged status Not for loan Collection code Permanent Location Current Location Shelving location Date acquired Source of acquisition Cost, normal purchase price Total Checkouts Full call number Date last seen Copy number Koha item type
  Dewey Decimal Classification     Non-fiction Central Library, University of Rajshahi Central Library, University of Rajshahi   30/12/1968 Zeitlinger 81.20   516.373 SEI 1958 01/10/2016 C-2 Books